Дело о представлении государю императору и другим высочайшим особам, и чинам императорской фамилии сочинений, изданных Академией...

Доступно только в Электронных читальных залах Найти на картеНа карте
RUSMARC
00003757nmc2a22002533x 450
001fac8b3f9-de7c-42f2-92c0-d8e7db704cf0
00520250623143229.0
100##$a20250116l18581858k l0rusy0189 ca
1010#$arus
$ager
102##$aRU
105##$ay###
1222#$ad
2001#$aДело о представлении государю императору и другим высочайшим особам, и чинам императорской фамилии сочинений, изданных Академией наук
$j23-31 октября 1858 г.
215##$a9 л.
$d36,5х26 см
251##$cДело
300##$aНа обложке указано: "№158"
300##$aНа русском и немецком языках
371##$aДокумент не является опубликованным и широко распространяемым
461#0$10012b5b8419-5ce4-4d16-a7a3-85720a295f1f
$12001
$aКанцелярия министра народного просвещения
$1251
$cФонд
$1852
$j735
462#0$1001e5828e33-5c3d-47b3-8ecf-3a6cb46adc06
$12001
$aКанцелярия министра народного просвещения
$1251
$cОпись
$1852
$j5
801#0$aRU
$bРГИА
$c20250116
$gRCR
801#1$aRU
$bГлавНИВЦ
$c20250116
$2rusmarc
801#2$aRU
$bПБ им. Б.Н. Ельцина
$c20250623
$gRCR
$2rusmarc
850##$aРГИА
852##$aРГИА
$eФедеральное казенное учреждение "Российский государственный исторический архив" (РГИА)
$j186
937##$hРГИА
$d12422746
$aASBIBLIO_SCAN
035##$aRusGRCC00083400
856##$uhttp://readingroom.main.prlib.ru/item.aspx?id_node=n196885839&mode=full
Формат отображения